| Tag |
First Indicator |
Second Indicator |
Subfields |
| LEADER |
00000cam a2200000 a 4500 |
| 001 |
in00000035048 |
| 005 |
20151007055249.0 |
| 008 |
870811s1987 nyu b 00010 eng |
| 010 |
|
|
|a 87023683
|
| 020 |
|
|
|a 0824080890 (alk. paper) :
|c $40.00
|
| 035 |
|
|
|a (OCoLC)16580152
|
| 035 |
|
|
|9 AAB7729AM
|
| 040 |
|
|
|a DLC
|c DLC
|d TXA
|d UtOrBLW
|
| 043 |
|
|
|a n-us---
|a cl-----
|
| 049 |
|
|
|a TXAM
|c [A11089111]
|
| 050 |
0 |
0 |
|a HF1456.5.L3
|b R67 1987
|
| 082 |
0 |
|
|a 337.7308
|2 19
|
| 100 |
1 |
|
|a Rosenberg, Emily S.,
|d 1944-
|
| 245 |
1 |
0 |
|a World War I and the growth of United States predominance in Latin America /
|c Emily S. Rosenberg.
|
| 264 |
|
1 |
|a New York :
|b Garland,
|c 1987.
|
| 300 |
|
|
|a 264 pages ;
|c 23 cm.
|
| 336 |
|
|
|a text
|b txt
|2 rdacontent
|
| 337 |
|
|
|a unmediated
|b n
|2 rdamedia
|
| 338 |
|
|
|a volume
|b nc
|2 rdacarrier
|
| 490 |
1 |
|
|a Foreign economic policy of the United States
|
| 504 |
|
|
|a Bibliography: pages 255-264.
|
| 651 |
|
0 |
|a United States
|x Foreign economic relations
|z Latin America.
|
| 651 |
|
0 |
|a Latin America
|x Foreign economic relations
|z United States.
|
| 650 |
|
0 |
|a World War, 1914-1918
|x Influence.
|
| 651 |
|
0 |
|a United States
|x Foreign relations
|y 1913-1921.
|
| 651 |
|
0 |
|a Latin America
|x Neutrality
|x History.
|
| 830 |
|
0 |
|a Foreign economic policy of the United States.
|
| 999 |
|
|
|a MARS
|
| 999 |
f |
f |
|s c2f340d0-6fd4-3ad5-a960-c356933570ec
|i 35d07fbc-2f59-3913-865f-2439d7a5f3f9
|t 0
|
| 952 |
f |
f |
|p normal
|a Texas A&M University
|b College Station
|c Sterling C. Evans Library
|d Evans: Library Stacks
|t 0
|e HF1456.5.L3 R67 1987
|h Library of Congress classification
|i unmediated -- volume
|m A14811089111
|
| 998 |
f |
f |
|a HF1456.5.L3 R67 1987
|t 0
|l Evans: Library Stacks
|